| 000 | 00520nam a2200181Ia 4500 | ||
|---|---|---|---|
| 005 | 20240902050842.0 | ||
| 008 | 240331s9999 xx 000 0 und d | ||
| 020 | _a9555800766 | ||
| 082 | _a800 | ||
| 100 | _aLawrence,P | ||
| 245 | 4 |
_aThe ocean of stories : _bchildren's imagination,creativity,and reconcilliation in eastren in eastren Sri Lanka |
|
| 260 |
_aColombo _bInternational Centre For Ethnic Studies _c2003 |
||
| 300 | _a94 p ., | ||
| 650 | _aSocial | ||
| 650 | _aCultural | ||
| 650 | _aPoetry | ||
| 942 | _cL | ||
| 999 |
_c4965 _d4965 |
||